Score 0/18 Timer 06:00
0 Plays Today
% Correct
The Tom Brady
Bunch Movie
88.4%
LeBron James
and the Giant Peach
82%
Saving Private
Nolan Ryan
77.2%
The Purple
Pete Rose of Cairo
76.6%
Good Night, and Good
Andrew Luck
75.2%
Jackie Robinson
Crusoe
75.1%
Man On The
Warren Moon
73.9%
Wild Wild
Jerry West
73.8%
Charlie
Russell Wilson's War
68.2%
% Correct
Bugsy
Karl Malone
66.8%
Reggie White
House Down
64.5%
About
Mike Schmidt
63.2%
Drillbit
Lawrence Taylor
62.8%
The Fabulous
''Dusty'' Baker Boys
59.5%
Sweet Larry Bird
of Youth
59.2%
McCabe & Mrs.
Reggie Miller
52.9%
Here Comes Mr.
Michael Jordan
44.6%
Citizen
Babe Ruth
44.5%
Remove Ads.
Support Sporcle.
Get the best of Sporcle when you Go Orange. This ad-free experience offers more features, more stats, and more fun while also helping to support Sporcle. Thank you for becoming a member.

You're not logged in!

Compare scores with friends on all Sporcle quizzes.
OR
Log In

Sporcle TV

Today on Sporcle TV


Watch our educational content, quiz creation guides, and fun videos on Sporcle TV.

Show Comments

Extras

Top Quizzes Today


Score Distribution

Paid Content

Your Account Isn't Verified!

In order to create a playlist on Sporcle, you need to verify the email address you used during registration. Go to your Sporcle Settings to finish the process.

Report this User

Report this user for behavior that violates our Community Guidelines.

Details: